000 00752cab a2200265 4500
001 ABS45546
008 090401t1991 xxu||||| |||| 00| 0 eng d
035 _a(Sirsi) u53662
041 _aeng
100 _aChevin, D.
245 _aWet through
260 _c1991
350 _a0
490 _aBuilding
_v256(7725) 13 December 1991, 50-51(2)
520 _aReports on the controversy about full cavity fill as more examples have been found of insulant conducting moisture into the house.
650 _aBRE
650 _aCAVITY WALL INSULATION
650 _aCAVITY WALLS
650 _aNHBC
650 _aRAIN PENETRATION
650 _aWORKMANSHIP
690 _aBUILT ENVIRONMENT-BUILDING PATHOLOGY
942 _n0
948 _c04/03/1997
999 _c33034
_d33034